[Event "HEM-Meister"]
[Site "Hamburg"]
[Date "2024.05.25"]
[Round "8.1"]
[White "Wenzel, Birger"]
[Black "Mondorf, Karl-Josef"]
[Result "1-0"]
[WhiteElo "2055"]
[BlackElo "1849"]
[PlyCount "95"]
[EventDate "2024.??.??"]
[WhiteTeam "SK Johanneum Eppendorf"]
[BlackTeam "Volksdorfer SK 1948"]

1. Nf3 Nf6 2. g3 d5 3. Bg2 Bf5 4. c4 c6 5. Qb3 Qb6 6. Nc3 Qxb3 7. axb3 e6 8. d3
h6 9. Be3 Na6 10. Nd4 Bg6 11. Nxc6 Nb4 12. Nxb4 Bxb4 13. Rxa7 Rxa7 14. Bxa7 Ke7
15. O-O Bh5 16. cxd5 Ra8 17. Bd4 Bxc3 18. bxc3 Bxe2 19. Re1 Bxd3 20. dxe6 fxe6
21. c4 Bc2 22. b4 Ra4 23. Bxb7 Kd7 24. c5 Rxb4 25. c6+ Kd8 26. Be5 Ne8 27. Ra1
Rb1+ 28. Rxb1 Bxb1 29. f4 g6 30. g4 Bd3 31. Kf2 h5 32. Ke3 Bf1 33. g5 Nc7 34.
Kd4 Na6 35. Bd6 Nc7 36. Kc5 Be2 37. Be5 Bd3 38. Bf6+ Ke8 39. Kd6 Nb5+ 40. Kxe6
Bf5+ 41. Kd5 Nc7+ 42. Kc5 h4 43. Bc3 Ne6+ 44. Kd6 Nxf4 45. c7 Ne2 46. Be5 Ng1
47. Bc6+ Kf8 48. Bd7 1-0

[Event "HEM-Meister"]
[Site "Hamburg"]
[Date "2024.05.25"]
[Round "8.3"]
[White "Schroeder, Christoph"]
[Black "Mandelkow, Elias"]
[Result "1-0"]
[WhiteElo "2183"]
[BlackElo "1870"]
[PlyCount "101"]
[EventDate "2024.??.??"]
[WhiteTeam "SK Johanneum Eppendorf"]
[BlackTeam "Hamburger SK von 1830 eV"]

1. d4 Nf6 2. c4 g6 3. Nc3 Bg7 4. e4 d6 5. Be2 O-O 6. Nf3 Nbd7 7. h3 e5 8. d5
Nc5 9. Qc2 a5 10. Bg5 h6 11. Be3 b6 12. g4 Ne8 13. O-O-O Bd7 14. Rdg1 a4 15.
Kb1 Ra5 16. g5 h5 17. Nh4 c6 18. Rd1 Qa8 19. dxc6 Bxc6 20. Nd5 Qb7 21. Nf3 Kh8
22. Ne1 Nc7 23. f3 Nxd5 24. cxd5 Bb5 25. Bxb5 Rxb5 26. Nd3 Rc8 27. Rc1 Qa6 28.
Bd2 Kh7 29. Nb4 Qa8 30. Nc6 Nd7 31. Be3 a3 32. b3 Nc5 33. Qc4 Qa6 34. Bxc5 bxc5
35. Na7 Qxa7 36. Qxb5 Rb8 37. Qd3 Rb4 38. Rc4 Qa5 39. Qc3 Qb6 40. Rc1 Bf8 41.
Qe3 Qa6 42. Rxb4 cxb4 43. Rc4 Be7 44. h4 Bd8 45. Kc2 Ba5 46. f4 exf4 47. Qxf4
Qa7 48. Kd3 Qe7 49. Rc6 Bc7 50. Kc4 Ba5 51. Kb5 1-0

[Event "HEM-Meister"]
[Site "Hamburg"]
[Date "2024.05.25"]
[Round "8.4"]
[White "Schell, Franz Jürgen"]
[Black "Bracker, Arne"]
[Result "0-1"]
[WhiteElo "1996"]
[BlackElo "2289"]
[Annotator "Wolff,Stefan"]
[PlyCount "122"]
[EventDate "2024.??.??"]
[WhiteTeam "Bramfelder SK 1947 e.V."]
[BlackTeam "Hamburger SK von 1830 eV"]

1. c4 {[%emt 0:00:00]} e5 2. g3 Nf6 3. Bg2 d5 4. cxd5 Nxd5 5. Nf3 Nc6 6. O-O
Nb6 7. Nc3 Be7 8. d3 O-O 9. Be3 Be6 10. Rc1 Qd7 11. Ne4 f6 12. Nc5 Bxc5 13.
Bxc5 Rfe8 14. Qc2 Bh3 15. Rfd1 Bxg2 16. Kxg2 Rad8 17. e4 Qe6 18. a3 Rd7 19. d4
exd4 20. Nxd4 Qxe4+ 21. Qxe4 Rxe4 22. Nxc6 Rxd1 23. Rxd1 bxc6 24. Kf3 Re5 25.
Bxb6 cxb6 26. Rd7 a5 27. Rc7 Rb5 28. b4 axb4 29. axb4 Rxb4 30. Rxc6 h5 31. h4
Rb2 32. Ke3 Kf7 33. f3 Rb3+ 34. Kf4 Rb4+ 35. Ke3 Kg6 36. Rc7 Kh6 37. Rc6 Kg6
38. Rd6 b5 39. Rd5 Rb3+ 40. Kf4 b4 41. Rb5 Rb1 42. g4 hxg4 43. fxg4 b3 44. Kg3
b2 45. Kg2 Kf7 46. Rb6 g6 47. Rb7+ Kg8 48. Rb6 f5 49. Rxg6+ Kh7 50. Rb6 f4 51.
Rb7+ Kg8 52. h5 f3+ 53. Kxf3 Rf1+ 54. Ke4 b1=Q+ 55. Rxb1 Rxb1 56. Kf5 Kf7 57.
g5 Rg1 58. Kf4 Ke6 59. h6 Kf7 60. Kf5 Rf1+ 61. Kg4 Kg6 0-1

[Event "HEM-Meister"]
[Site "Hamburg"]
[Date "2024.05.25"]
[Round "8.5"]
[White "Rolf, Marco"]
[Black "Malchereck, Zion"]
[Result "1/2-1/2"]
[WhiteElo "2051"]
[BlackElo "1968"]
[PlyCount "92"]
[EventDate "2024.??.??"]
[WhiteTeam "TV Fischbek Suederelbe"]
[BlackTeam "Hamburger SK von 1830 eV"]

1. d4 Nf6 2. c4 e6 3. Nf3 d5 4. Nc3 c6 5. e3 Be7 6. Qc2 O-O 7. b3 Nbd7 8. Be2
b6 9. O-O Bb7 10. Bb2 Rc8 11. Rfd1 Qc7 12. Rac1 Rfd8 13. Qb1 Qb8 14. h3 c5 15.
a3 Nf8 16. cxd5 exd5 17. dxc5 bxc5 18. Na4 Ba8 19. Be5 Qb7 20. Bxf6 gxf6 21.
Nh4 Ng6 22. Nf5 Bf8 23. f4 Qd7 24. Bg4 Qe8 25. Qb2 d4 26. exd4 Nxf4 27. Qf2 Qe4
28. Nc3 Qxg2+ 29. Qxg2 Nxg2 30. Ne2 Be4 31. Nfg3 f5 32. Nxe4 Ne3 33. Rd3 Nxg4
34. Rg3 fxe4 35. Rxg4+ Kh8 36. Rxe4 cxd4 37. Rxc8 Rxc8 38. Nxd4 Bxa3 39. Kg2
Bc5 40. Nf5 Bf8 41. Ra4 Rc5 42. Ne3 Rg5+ 43. Kf3 a5 44. Rf4 Kg8 45. Nf5 Rg1 46.
Ke4 Re1+ 1/2-1/2